Music Quiz

Random Music or Lyrics Quiz

'If I Had a Million Dollars' Things Quiz Stats

 Plays Quiz Updated Dec 6, 2018

     
Support Sporcle.
Go Orange.
Score 0/14 Timer 03:00
3 Plays Today
% Correct
A house
84.3%
A fur coat (but not a real fur coat that's cruel)
70.1%
Your Love
63.7%
A monkey (haven't you always wanted a monkey?)
61%
A green dress (But not a real green dress, that's cruel)
56%
Kraft dinner (and fancy ketchup...dijon ketchup)
51.4%
Furniture for the house (maybe a nice chesterfield or an ottoman)
44.8%
% Correct
A K-car (a nice reliant automobile)
42.5%
An exotic pet (like a llama or emu)
39.5%
A limousine (cause it costs more)
34.4%
Some art (a Picasso or a Garfunkel)
33.8%
A tree fort (built)
29.2%
A refrigerator (containing pre-wrapped sausages)
25.7%
John Merrick's remains (all them crazy elephant bones)
21.2%

From the Vault

Shared Name with a TV Character

by WillieG

Because it's nice to share.
Remove Ads.
Support Sporcle.
Get the best of Sporcle when you Go Orange. This ad-free experience offers more features, more stats, and more fun while also helping to support Sporcle. Thank you for becoming a member.

Show Comments

Extras

Top Quizzes Today


Score Distribution

Your Account Isn't Verified!

In order to create a playlist on Sporcle, you need to verify the email address you used during registration. Go to your Sporcle Settings to finish the process.

Report this User

Report this user for behavior that violates our Community Guidelines.

Details: